Retrouvez les 15 pays les plus peuplés d'Asie - Statistiques

Statistiques générales
  • Ce quiz a été pris 175 fois
  • Le résultat moyen est 13 sur 15
Statistiques - réponses
Classement Pays Population (en 2017) % Correct
1 Chine 1 409 517 397
100%
2 Inde 1 339 180 127
96%
6 Japon 127 484 450
96%
3 Indonésie 263 991 379
93%
4 Pakistan 197 015 955
90%
8 Viêt Nam 9 540 800
88%
13 Corée du Sud 50 982 212
87%
11 Thaïlande 69 037 513
84%
9 Iran 81 162 788
81%
5 Bangladesh 164 669 751
80%
7 Philippines 14 918 090
79%
15 Afghanistan 35 530 081
77%
14 Irak 38 274 618
75%
10 Turquie 80 745 020
75%
12 Birmanie 53 370 609
68%
Aucun quiz correspondant
Distribution des résultats
% des personnes avec chaque résultat
Percentile par nombre de réponses
Votre historique - résultats
Vous n’avez pas pris ce quiz